| Tag |
First Indicator |
Second Indicator |
Subfields |
| LEADER |
00000cam a22000007a 4500 |
| 001 |
in00002011997 |
| 005 |
20211202202645.0 |
| 006 |
m d f |
| 008 |
041014s1997 vau s f000 0 eng d |
| 035 |
|
|
|a (OCoLC)ocm56725448
|
| 040 |
|
|
|a GPO
|c GPO
|d DLC
|d MvI
|d UtOrBLW
|
| 049 |
|
|
|a WWW
|
| 074 |
|
|
|a 0621-L (online)
|
| 086 |
0 |
|
|a I 19.127:053-97
|
| 245 |
0 |
0 |
|a USGS studies of energy resources in Sub-Saharan Africa.
|
| 264 |
|
1 |
|a [Reston, Va.] :
|b U.S. Dept. of the Interior, U.S. Geological Survey,
|c [1997]
|
| 336 |
|
|
|a text
|b txt
|2 rdacontent
|
| 337 |
|
|
|a computer
|b c
|2 rdamedia
|
| 338 |
|
|
|a unspecified
|b zu
|2 rdacarrier
|
| 490 |
1 |
|
|a Fact sheet ;
|v FS-053-97
|
| 538 |
|
|
|a Mode of access: Internet from the USGS web site. Address as of 10/14/04: http://greenwood.cr.usgs.gov/energy/factshts/053-97/FS-053-97.html; current access is available via PURL.
|
| 500 |
|
|
|a Title from title screen (viewed on Oct. 14, 2004).
|
| 500 |
|
|
|a Author: Michele Tuttle.
|
| 504 |
|
|
|a Includes bibliographical references.
|
| 500 |
|
|
|a Electronic resource.
|
| 650 |
|
0 |
|a Power resources
|z Africa, Sub-Saharan.
|
| 650 |
|
0 |
|a Energy development
|z Africa, Sub-Saharan.
|
| 700 |
1 |
|
|a Tuttle, M. L.
|
| 710 |
2 |
|
|a Geological Survey (U.S.)
|
| 830 |
|
0 |
|a Fact sheet (Geological Survey (U.S.)) ;
|v FS-97-053.
|
| 856 |
4 |
0 |
|u https://purl.fdlp.gov/GPO/LPS54744
|t 0
|
| 999 |
|
|
|a MARS
|
| 999 |
f |
f |
|s c44345a3-da0f-3501-954e-e4d0502c6f3f
|i f0df354a-497c-3144-b615-3b23a4563961
|t 0
|
| 952 |
f |
f |
|a Texas A&M University
|b College Station
|c Electronic Resources
|d Available Online
|t 0
|e I 19.127:053-97
|h Superintendent of Documents classification
|
| 998 |
f |
f |
|a I 19.127:053-97
|t 0
|l Available Online
|